01058nam a2200277Ia 4500001001200000003000800012006001900020007001500039008004100054020001800095040002100113035002100134050002600155100002000181245009000201260004900291300001700340504005100357533015200408650001700560650001400577655002900591710001700620856012600637999001700763ebr10326378CaPaEBRm u cr cn|||||||||091115s2009 enk sb 001 0 eng d z9781847354068 aCaPaEBRcCaPaEBR a(OCoLC)47586379414aTP1180.S7bB75 2009eb1 aBritton, Robin.10aUpdate on mouldable particle foam technologyh[electronic resource] /cRobin Britton. aShrewsbury, Shropshire :biSmithers,cc2009. aviii, 130 p. aIncludes bibliographical references and index. aElectronic reproduction.bPalo Alto, Calif. :cebrary,d2009.nAvailable via World Wide Web.nAccess may be limited to ebrary affiliated libraries. 0aPolystyrene. 0aPolymers. 7aElectronic books.2local2 aebrary, Inc.40uhttp://site.ebrary.com/lib/rucke/Doc?id=10326378zAn electronic book accessible through the World Wide Web; click to view c56087d56087